00929nam a2200241Ia 450000500170000000800410001702000260005804000190008404100120010308200200011524500740013526000380020930000130024744000340026050400500029465000360034470000220038085000100040294200070041299900170041995201320043695201190056820260312113434.0131103s9999 xx 000 0 und d a079107823XcRs.550.00 aLoreto College aEnglish a822.33bSHA-BLO aWilliam Shakespeare cEdited and with an introduction by Harold Bloom aPhiladelphiabChelsea Housec2003 aix,550p  aBloom's modern critical views aIncludes bibliographical references and index aShakespeare, William, 1564-1616 aBloom, Harold, ed aLCBED cBK c17728d68207 00102ddc4070aMAINbMAINcPost Graduated2013-11-04l1o822.33 SHA-BLO 45897pB18171r2013-12-03s2013-11-25w2013-11-04yBK 00102ddc4070aMAINbMAINd2013-11-04l7o822.33 SHA-BLO 48461pB40111r2025-08-26s2025-08-20w2013-11-04yBKf